000 00764nam a2200241 a 4500
005 20131010055703.0
008 980812s1998 nyu b 001 0 ger
041 0 _ager
080 _a159.9
100 1 _aGreene, Robert
245 1 4 _aDie 48 Gesetze der Macht /
_cRobert Greene, Aus dem Englischen von Hartmut Schickert und Birgit Brandau
246 _aPower
250 _a2. Auflage
260 _aMunchen :
_bDeutscher Taschenbuch Verlag ;
_c2002
300 _a535 f. ;
_c24 cm.
500 _aVorwort f. : [XVII] - [XXIV]
500 _a"A Joost Elffers production."
504 _aIncludes bibliographical references (p. 431-432) and index.
650 0 _aFuqia (Filozofia)
650 0 _aKontrolli (Psikologjia)
700 1 _aElffers, Joost
942 _2udc
_cBK
999 _c88
_d88